An assessment of the investment climate in Nigeria (Record no. 110158)
[ view plain ]
| 000 -LEADER | |
|---|---|
| fixed length control field | 01587nam a2200409 a 4500 |
| 082 04 - DEWEY DECIMAL CLASSIFICATION NUMBER | |
| Classification number | 330.9669 |
| 100 1# - MAIN ENTRY--AUTHOR NAME | |
| Personal name | Iarossi, Giuseppe. |
| 245 13 - TITLE STATEMENT | |
| Title | An assessment of the investment climate in Nigeria |
| 260 ## - PUBLICATION, DISTRIBUTION, ETC. (IMPRINT) | |
| Place of publication | Washington, DC : |
| Name of publisher | World Bank, |
| Year of publication | c2009. |
| 300 ## - PHYSICAL DESCRIPTION | |
| Number of Pages | xiv, 126 p. : |
| Other physical details | ill. |
| 490 1# - SERIES STATEMENT | |
| Series statement | Directions in development. Private sector development |
| 650 #0 - SUBJECT ADDED ENTRY--TOPICAL TERM | |
| Topical Term | Investments |
| 700 1# - ADDED ENTRY--PERSONAL NAME | |
| Personal name | Mousley, Peter, |
| Personal name | Radwan, Ismail. |
| 856 40 - ELECTRONIC LOCATION AND ACCESS | |
| Uniform Resource Identifier | http://site.ebrary.com/lib/rucke/Doc?id=10369803 |
No items available.
